| 000 | 00938nam a2200253 a 4500 | ||
|---|---|---|---|
| 001 | 59780 | ||
| 003 | BD-RjUL | ||
| 005 | 20211209080753.0 | ||
| 008 | 161227s1989 cou b 000 0 eng | ||
| 020 | _a0813377684 (alk. paper) | ||
| 035 | _a(BD-RjUL) 59904 | ||
| 040 |
_aDLC _cDLC _dDLC _dBD-RjUL _beng |
||
| 041 | _aeng | ||
| 082 | 0 | 0 |
_a307.14091724 _223 _bASS 1989 |
| 245 | 0 | 0 |
_aAssessing participatory development : _brhetoric versus reality / _cedited by William P. Lineberry ; with a foreword by Idriss Jazairy. |
| 260 |
_aBoulder, Colo. : _bWestview Press, _cc1989. |
||
| 300 |
_a139 p. ; _c23 cm. |
||
| 504 | _aIncludes bibliographical references. | ||
| 650 | 0 |
_aRural development _zDeveloping countries. _9177875 |
|
| 650 | 0 |
_aAgricultural development projects _zDeveloping countries. _9177876 |
|
| 650 | 0 |
_aWomen in rural development _zDeveloping countries. _9177877 |
|
| 700 | 1 |
_aLineberry, William P. _9177878 |
|
| 942 |
_2ddc _cBK |
||
| 999 |
_c59780 _d59780 |
||